00905nam a22002417a 45000010005000000030006000050050017000110080041000280200018000690400029000870820010001161000020001262450084001462600037002303000052002674900022003195050007003415200199003485210027005475210018005746500033005927000038006259251FISKH20251205101616.0251205b cb ||||| |||| 00| 0 eng d a9780816749829 aFISKHbengcFISKHdFISKH a597.8 aSchultz, Ellen  aFrogs and Toads :cWritten by Ellen Schultz ; Illustrated by Pedro J. Gonzalez  aUnited States : bTroll, c1999. a47 pages : bcolor illustrations ; c18 x 23 cm aI can read about  aG  aDescribes how frogs and toads appear in the springtime, follows their life cycle through the year, and discusses the differences between frogs and toads and the various species of the creatures.8 a400 bLexile estimate 8 aG bRaz-Plus  aAmphibiansvSciencexAnimals aGonzalez, Pedro J. eillustrator